Hokej

Bibliographic Details
Format: Article
Language:Slovak
PhysicalDescription:Tab.
ISSN:0139-7001
Subjects:

MARC

LEADER 00000nab a2200000 ar4500
001 vtls008952062
003 SK-MaSNL
005 20260303071144.0
008 070305c20070226xo wr|p|||||||000 b|slo
015 |a SNBRBL2007/03  |2 snkbucl 
038 |a SNKBUCL 
040 |a SNKBUCL  |b slo  |c SNKBUCL  |e AACR2 
041 0 |a slo 
044 |a xo  |c SK 
080 |a 796.966.093.1-053.6  |2 2001 
245 0 0 |a Hokej 
300 |b Tab. 
648 7 |a sezóna 2006/2007  |2 snkbucl  |9 1032718 
650 0 7 |a ľadový hokej  |2 snkbucl  |9 3231 
650 0 7 |a juniori  |2 snkbucl  |9 838750 
650 0 7 |a extraliga  |2 snkbucl  |9 18992 
650 0 7 |a 42. kolo  |2 snkbucl  |9 1032142 
773 0 |t Šport  |g Roč. 61, č. 47 (26.2.2007), s. 38  |x 0139-7001 
852 |a SNK  |b KIS3GCP 
999 |c 1758607  |d 1760537